| 000 | 00385nam a2200169Ia 4500 | ||
|---|---|---|---|
| 003 | 0STCL | ||
| 008 | 150530s9999 xx 000 0 und d | ||
| 040 |
_aSTCL _cSTCL |
||
| 100 | _aSubrahmanyam, N.; Brij Lal | ||
| 245 | _aPrinciples of physics | ||
| 250 | _aFirst | ||
| 260 |
_bS.Chand _c1986 |
||
| 546 | _aEnglish | ||
| 942 |
_2ddc _cBK |
||
| 999 |
_c26966 _d26966 |
||
| 005 | 20220125170101.0 | ||